LEADER 01227nam a2200217 i 4500 001 000000146177 003 CaOOAMICUS 005 20051220000000.0 008 051220s2005 it u000 u ita u 013 $a122858 040 $aSeMil$bita 100 1 $aCerasa, Amanzio.$0(OLS)http://semarc/name/58173 245 13$aUn viaggio nella musica attraverso l'antica Parrocchia di S. Martino di Castello in Lurate Abbate :$bConsiderazioni storico - musicali in occasione del restauro dell'organo /$cAmanzio Cerasa. 260 $a[Italia] :$bComunitā di Castello,$cstampa 2005$e(Olgiate Comasco (Como) :$fGrafiche Salin ,$gstampa 2005) 300 $a109 p. :$bill. ;$c24 cm. 650 4$aLurate Caccivio - Chiese - San Martino di Castello.$0(OLS)http://semarc/subject/28611 850 $aSeMil 852 $aSeMil$W1$xVenegono$y1$m3P III 35$j98874$B98874$CSeMilBibl$Z2$F107212 $81 961 $aOmaggio: Caspani don Pierpaolo 996 $6245$aUn viaggio nella musica attraverso l'antica Parrocchia di S. Martino di Castello in Lurate Abbate :$bConsiderazioni storico - musicali in occasione del restauro dell'organo$9(OLS)http://semarc/title/213760 996 $6260$a[Italia] :$bComunitā di Castello$9(OLS)http://semarc/publisher/47705 LEADER 01011nam a2200241 i 4500 001 000000038703 003 CaOOAMICUS 005 20090810000000.0 008 090810s1992 gw u000 u ger u 013 $a9311 020 $a3-222-12112-5 040 $aSeMil$bita 100 1 $aWiedenhofer, Siegfried <1941- >.$0(OLS)http://semarc/name/18626 245 14$aDas katolische Kirchenverständnis :$bein Lehrbuch der Ekklesiologie /$cSiegfried Wiedenhofer. 260 $aGraz ; Wien ; Köln :$bStyria,$c1992. 300 $a381 p. ;$c21 cm. 650 4$aEcclesiologia.$0(OLS)http://semarc/subject/42996 850 $aSeMil 852 $aSeMil$W1$xVenegono$y1$m2B I 526$j4858$B4858$CSeMilBibl$Z2$F4858 $81 961 $aAcquisto: Casa editrice 996 $6020$a3-222-12112-5$9(OLS)http://semarc/number/8071 996 $6245$aDas katolische Kirchenverständnis :$bein Lehrbuch der Ekklesiologie$9(OLS)http://semarc/title/54752 996 $6260$aGraz ; Wien ; Köln :$bStyria$9(OLS)http://semarc/publisher/32799